| 000 | 00896nam a2200241 a 4500 | ||
|---|---|---|---|
| 001 | 72123 | ||
| 003 | BD-RjUL | ||
| 005 | 20211209082220.0 | ||
| 008 | 170419r19661959enka b 001 0 eng | ||
| 035 | _a(BD-RjUL)72339 | ||
| 040 |
_aCUI _cCUI _dOCL _dBD-RjUL _beng |
||
| 041 | _aeng | ||
| 082 |
_223 _a541.372 _bROE 1968 |
||
| 100 | 1 |
_aRobinson, R. A. _q(Robert Anthony), _d1904-1979 _9209303 |
|
| 245 | 1 | 0 |
_aElectrolyte solutions : _bthe measurement and interpretation of conductance, chemical potential, and diffusion in solutions of simple electrolytes / _cby R.A. Robinson and R.H. Stokes |
| 250 | _a2nd rev. ed. | ||
| 260 |
_aLondon : _bButterworth, _c1959 [reprinted 1968] |
||
| 300 |
_axv, 571 p. : _bill ; _c22 cm. |
||
| 504 | _aIncludes bibliographies and index | ||
| 650 | 0 |
_aElectrolytic solutions _9209304 |
|
| 700 | 1 |
_aStokes, R. H. _q(Robert Harold), _d1918- _9209305 |
|
| 942 |
_2ddc _cBK |
||
| 999 |
_c72123 _d72123 |
||